| 000 | 00634nam a2200241Ia 4500 | ||
|---|---|---|---|
| 003 | OSt | ||
| 005 | 20221005041117.0 | ||
| 006 | a|||||r|||| 00| 0 | ||
| 007 | ta | ||
| 008 | 221004b |||||||| |||| 00| 0 eng d | ||
| 024 | _a102106 | ||
| 037 | _cTextual | ||
| 040 |
_aCRL _cCRL _beng |
||
| 041 |
_2eng _aeng |
||
| 082 | _aQ1:31, 15N2 | ||
| 100 | _aSaxena Pravesh | ||
| 245 | 0 | _aAditya from the regveda to the upanishad | |
| 260 |
_aDelhi _bParimal Pubication India _c1992 |
||
| 300 |
_axx,395p. _ccm. |
||
| 650 | _aRELIGION | ||
| 942 |
_hQ1:31, 15N2 _cTEXL _2cc |
||
| 999 |
_c947987 _d947987 |
||